| 000 | 00378nam a22001457a 4500 | ||
|---|---|---|---|
| 020 | _a9789350292303 | ||
| 082 | _a303.4825491 HUS | ||
| 100 | _aHusain, Irfan | ||
| 245 | _aFatal faultlines : Pakistan, Islam and the West | ||
| 260 |
_aNew Delhi _bHarper Collins _c2012 |
||
| 300 | _aix, 238p. : | ||
| 650 | _aMuslims--Political activity | ||
| 700 | _a Irfan Husain | ||
| 942 | _cBK | ||
| 999 |
_c11572 _d11572 |
||